Statistics for Languages by Their Original Names

Click here to take the quiz!

General Stats

  • This quiz has been taken 131 times
  • The average score is 10 of 20

Answer Stats

Original nameEnglish name% Correct
TürkçeTurkish
70%
EspañolSpanish
69%
DeutschGerman
67%
O'zbekshaUzbek
65%
Tiếng ViệtVietnamese
58%
SuomiFinnish
57%
MagyarHungarian
51%
LietuviųLithuanian
51%
HrvatskiCroatian
49%
ÍslenskaIcelandic
49%
GaeligeIrish
49%
ShqipAlbanian
48%
ČeštinaCzech
48%
CymraegWelsh
48%
EestiEstonian
47%
LëtzebuergeschLuxembourgish
47%
SvenskaSwedish
45%
EuskaraBasque
44%
Kreyòl ayisyenHaitian Creole
43%
Avañe'ẽGuarani
40%

Score Distribution

Percentile by Number Answered

Percent of People with Each Score

Your Score History

You have not taken this quiz